[Event "Avoine op 31st"]
[Site "Avoine"]
[Date "2016.07.24"]
[Round "2"]
[White "Meunier Pion, Jean"]
[Black "Crook, Oliver James"]
[Result "1-0"]
[WhiteElo "2211"]
[BlackElo "1881"]
[PlyCount "145"]
[EventDate "2016.07.23"]
[EventType "swiss"]
[EventRounds "9"]
[EventCountry "FRA"]
[SourceTitle "CBM 173 Extra"]
[Source "ChessBase"]
[SourceDate "2016.08.29"]
[SourceVersion "1"]
[SourceVersionDate "2016.08.29"]
[SourceQuality "1"]

1. e4 d5 2. exd5 Nf6 3. d4 Bg4 4. Be2 Bxe2 5. Qxe2 Qxd5 6. Nf3 e6 7. c4 Bb4+ 8. Bd2 Bxd2+ 9. Nbxd2 Qh5 10. Ne5 Qxe2+ 11. Kxe2 Nbd7 12. Nd3 Rd8 13. Nf3 0-0 14. Rhe1 Rfe8 15. Kf1 h6 16. Rac1 c6 17. Rc3 Nb6 18. Nc5 Re7 19. b4 Nc8 20. a4 a6 21. a5 Nd6 22. Nb3 Kf8 23. Ne5 Kg8 24. Rd3 Kf8 25. Nc5 Rc7 26. f3 Re7 27. Kf2 g6 28. g4 Kg7 29. h4 Rh8 30. Kg3 Rd8 31. Rde3 Nfe8 32. Rc3 Rb8 33. Ned7 Rd8 34. Ne5 Rb8 35. Nb3 Nc7 36. Rc2 f6 37. Nd3 Kf7 38. Nd2 Nde8 39. Ne4 Rd7 40. Ndc5 Rxd4 41. Ree2 f5 42. Nb3 Rd3 43. Nec5 Rdd8 44. Rcd2 Nd6 45. Rd4 Nce8 46. Nxe6 Rdc8 47. Nbc5 b6 48. Nd7 bxa5 49. Nxb8 Rxb8 50. bxa5 Rb3 51. c5 Ne4+ 52. Kg2 Kxe6 53. gxf5+ gxf5 54. fxe4 f4 55. Rf2 Ke5 56. Rd7 Rg3+ 57. Kh2 Ng7 58. Re7+ Ne6 59. Rg2 Kf6 60. Rxe6+ Kxe6 61. Rxg3 fxg3+ 62. Kxg3 Ke5 63. Kg4 Kxe4 64. Kh5 Kd5 65. Kxh6 Kxc5 66. h5 Kb5 67. Kg5 Kxa5 68. h6 Kb4 69. h7 a5 70. h8Q Kb3 71. Qb8+ Ka3 72. Kf4 a4 73. Ke3 1-0